Καραβάτζο
Αποθηκεύτηκε σε:
| Κύριος συγγραφέας: | |
|---|---|
| Μορφή: | Βιβλίο |
| Γλώσσα: | Greek Italian |
| Δημοσίευση: |
[Αθήνα] :
Η Καθημερινή,
c2006.
|
| Σειρά: | Μεγάλοι ζωγράφοι ;
6 |
| Θέματα: | |
| Ετικέτες: |
Προσθήκη ετικέτας
Δεν υπάρχουν, Καταχωρήστε ετικέτα πρώτοι!
|
MARC
| LEADER | 00000cam a2200000 i 4500 | ||
|---|---|---|---|
| 001 | 1/2249 | ||
| 008 | 091125s2006 gr | ||| |||| ||gre|| | ||
| 020 | |a 9607945816 | ||
| 035 | |l 10105915 | ||
| 040 | |a GR-MyUa |b gre |e AACR2 | ||
| 041 | 1 | |a gre |h ita |k spa | |
| 082 | 7 | |a 759.5 |2 (22) | |
| 082 | 7 | |a 700.92 |2 (22) | |
| 100 | 1 | |a Marini, F. |q (Francesca) | |
| 245 | 1 | 0 | |a Καραβάτζο / |c κείμενα Francesca Marini ; εισαγωγή Barbara Rose. |
| 260 | |a [Αθήνα] : |b Η Καθημερινή, |c c2006. | ||
| 300 | |a 189 σ. : |b έγχρ. εικ. ; |c 19 εκ. | ||
| 490 | 1 | |a (Μεγάλοι ζωγράφοι ; |v 6) | |
| 500 | |a Προσφορά της εφημερίδας "Η Καθημερινή", Βιβλιοθήκη Τέχνης. | ||
| 500 | |a Τίτλος πρωτοτύπου: Caravaggio. | ||
| 504 | |a Βιβλιογραφία: σ. 189. | ||
| 600 | 1 | 0 | |a Caravaggio, Michelangelo Merisi da, |d 1573-1610. |
| 650 | 0 | |a Painting, Italian. | |
| 650 | 0 | |a Painters |z Italy. | |
| 830 | 0 | |a Μεγάλοι ζωγράφοι ; |v 6 | |
| 852 | |a INST |b SAMOS |e 20100126 |h 759.5 ΚΑΡ |p 005300030769 |q 005300030769 |t BK |y 0 | ||
| 852 | |a INST |b SYROS |e 20091125 |h 700.92 CAR |p 005500008066 |q 005500008066 |t BK |y 0 | ||
| 901 | |a BIBL3-2010-1 | ||
| 901 | |a BIBL5-2009-3 | ||
| 970 | |a Κοντού |b Παρασκευή |z 25/11/2009 | ||